| 000 | 00661cam a2200193 4500 | ||
|---|---|---|---|
| 001 | WS117831 | ||
| 008 | 020503n 000 0 eng u | ||
| 035 | _a(Sirsi) u117831 | ||
| 110 |
_aAustralian Institute of Building Surveyors _94235 |
||
| 245 | _aAustralian Institute of Building Surveyors | ||
| 520 | _aWeb site for this Australian body for building surveyors including details of their organisation. | ||
| 650 | _aAUSTRALIA | ||
| 650 | _aINTERNATIONAL | ||
| 650 | _aORGANISATION | ||
| 650 | _aBUILDING SURVEYORS | ||
| 690 | _aBUILT ENVIRONMENT | ||
| 856 | 4 | 0 |
_uhttps://www.aibs.com.au _zView the website free of charge at www.aibs.com.au |
| 942 | _n0 | ||
| 999 |
_c120032 _d120032 |
||